000
00316nam a2200121 a 4500
005
20140414131927.0
008
101027s19uu xx 00 eng d
050
_a
ER
_b
W99 1986
100
_a
Field, Eugene
245
_a
Wynken, blynken, and nod.
260
_a
New York :
_b
Grosset & Dunlap,
_c
1986.
999
_c
112101
_d
112101